|
|
|
|
| LEADER |
00000nam0a2200000 4500 |
| 001 |
25380 |
| 005 |
20231030200923.0 |
| 035 |
|
|
|a (RuTPU)RU\TPU\book\25616
|
| 035 |
|
|
|a BOOK00025691
|
| 090 |
|
|
|a 25380
|
| 100 |
|
|
|a 20011209d2000 km y0rusy50 ca
|
| 101 |
0 |
|
|a rus
|
| 102 |
|
|
|a RU
|
| 105 |
|
|
|a y z 000zy
|
| 200 |
1 |
|
|a Геология и золотоплатиноносность щелочных пород Западной Сибири
|f А. М. Сазонов, С. И. Леонтьев, О. М. Гринев и др.
|g Томский политехнический университет
|
| 210 |
|
|
|a Томск
|c Изд-во ТПУ
|d 2000
|
| 215 |
|
|
|a 248 с.
|
| 610 |
1 |
|
|a геология
|
| 610 |
1 |
|
|a полезные ископаемые
|
| 610 |
1 |
|
|a месторождения
|
| 610 |
1 |
|
|a золото
|
| 610 |
1 |
|
|a платина
|
| 610 |
1 |
|
|a нефелиновые породы
|
| 610 |
1 |
|
|a Западная Сибирь
|
| 610 |
1 |
|
|a Кузнецкий Алатау
|
| 610 |
1 |
|
|a щелочные породы
|
| 610 |
1 |
|
|a рудоносность
|
| 610 |
1 |
|
|a Кия-Шалтырское месторождение
|
| 610 |
1 |
|
|a Ачинский глиноземный комбинат
|
| 610 |
1 |
|
|a Красноярский алюминиевый завод
|
| 675 |
|
|
|a 553.411(571)
|v 3
|
| 675 |
|
|
|a 553.49
|v 3
|
| 701 |
|
1 |
|a Сазонов
|b А. М.
|
| 701 |
|
1 |
|a Леонтьев
|b С. И.
|
| 701 |
|
1 |
|a Гринев
|b О. М.
|
| 701 |
|
1 |
|a Звягина
|b Е. А.
|
| 701 |
|
1 |
|a Чекушин
|b В. С.
|
| 701 |
|
1 |
|a Бетхер
|b М. Я.
|
| 712 |
0 |
2 |
|a Томский политехнический университет
|2 stltpush
|3 (RuTPU)RU\TPU\col\376
|
| 801 |
|
0 |
|a RU
|b 63413507
|c 20011209
|g PSBO
|
| 801 |
|
2 |
|a RU
|b 63413507
|c 20140701
|g PSBO
|
| 942 |
|
|
|c BK
|